00445nam a22001697a 4500010001300000035001300013037001800026040001200044082001500056100002100071245006000092260004000152270003900192300001900231650000900250650001600259 aA-372174 aA-372174 bCen Lib / Ret aDPLbEn a334.1bJAI aJain, Sarla Devi aNabhi's Handbook for house owners /cby Sarla Devi Jain aNew DelhibNabhi Publicationsc1989 aP.O. Box no. 37bNew Delhie110001 a378pc27cm(Hb) alaw  aHousing law